| 000 | 00407nam a2200181Ia 4500 | ||
|---|---|---|---|
| 001 | 9241 | ||
| 005 | 20260306160709.0 | ||
| 008 | 260306t1972||||xx |||||||||||||| ||spa|| | ||
| 041 | _aESP | ||
| 082 |
_a378 _bT35 |
||
| 100 |
_aTello Carbajal, Ivan _eAUT |
||
| 245 | 0 | _aLa universidad para la dependencia | |
| 260 | _c1972 | ||
| 300 |
_a _c |
||
| 650 | _aGEN | ||
| 654 | _aCED | ||
| 942 |
_cLIB _dJUS _fJUS _2ddc _n |
||
| 999 |
_c9241 _d9241 |
||